El matrimonio cristiano y la familia
Uloženo v:
| Hlavní autor: | |
|---|---|
| Médium: | Kniha |
| Jazyk: | španělština |
| Vydáno: |
Madrid
Biblioteca de Autores Cristianos
1973
|
| Edice: | Historia Salutis. Serie Monográfica de Teología Dogmática
|
| Témata: | |
| Tagy: |
Přidat tag
Žádné tagy, Buďte první, kdo vytvoří štítek k tomuto záznamu!
|
MARC
| LEADER | 00000nam a2200000 a 4500 | ||
|---|---|---|---|
| 001 | UCL2108 | ||
| 003 | CL-VaPUC | ||
| 008 | 031010e19730000SP |||||||||||||||||spa|d | ||
| 082 | 0 | 4 | |a 265.5 |b LAR |2 21 |
| 100 | |a Larrabe, José Luis |e author |9 479089 | ||
| 245 | 1 | 3 | |a El matrimonio cristiano y la familia |
| 300 | |a 356 p | ||
| 942 | |c BK | ||
| 945 | |d 20031010 00:00:00 |a vberengu | ||
| 260 | |a Madrid |b Biblioteca de Autores Cristianos |c 1973 | ||
| 650 | 7 | |a MATRIMONIO |2 CL-VaPUC |9 479090 | |
| 650 | 0 | |a Sacramentos |9 257270 | |
| 583 | |a last modification |c 20031010 00:00:00 |k Rodrigo Vera | ||
| 490 | 0 | |a Historia Salutis. Serie Monográfica de Teología Dogmática | |
| 999 | |c 305468 |d 305466 | ||
| 952 | |0 0 |1 0 |4 0 |6 265_500000000000000_LAR_1973 |7 0 |8 A |9 369375 |a BIBTEO |b BIBTEO |d 2019-11-21 |i 2079631 |o 265.5 LAR 1973 |p 2079631 |r 2025-01-17 |w 2019-11-21 |y BK |k ICR | ||